[Event "18th ECC w 2013"]
[Site "Rhodes GRE"]
[Date "2013.10.25"]
[Round "6.5"]
[White "Stojanovic, Andjelija"]
[Black "Horvath, Maria"]
[Result "1-0"]
[WhiteTitle "WGM"]
[BlackTitle "WFM"]
[WhiteElo "2302"]
[BlackElo "2036"]
[WhiteTeam "Chess Club BAS"]
[BlackTeam "ASVOE Pamhagen"]
[WhiteFideId "928682"]
[BlackFideId "1601660"]
[EventDate "2013.10.20"]

1. d4 d5 2. Bf4 Nf6 3. e3 c6 4. c4 e6 5. Nc3 Nbd7 6. Nf3 Be7 7. h3 O-O 8. Rc1
Re8 9. Bd3 dxc4 10. Bxc4 b5 11. Bd3 Bb7 12. O-O a6 13. Ne4 Nxe4 14. Bxe4 Rc8 15.
Ne5 Nxe5 16. Bxe5 Qd7 17. Qf3 f5 18. Qg3 Bf8 19. Bf3 c5 20. dxc5 Bxf3 21. Qxf3
Rxc5 22. Rxc5 Bxc5 23. Rd1 Qa7 24. Qc6 Re7 25. Rd8+ Kf7 26. Ra8 Qb7 27. Rxa6
Qxc6 28. Rxc6 Ba7 29. Kf1 Rd7 30. Ke2 h5 31. h4 g6 32. Rc8 Rd5 33. Rc7+ Ke8 34.
Rxa7 Rxe5 35. Rg7 f4 36. Rxg6 fxe3 37. fxe3 Re4 38. g3 Kf7 39. Rg5 1-0

[Event "18th ECC w 2013"]
[Site "Rhodes GRE"]
[Date "2013.10.26"]
[Round "7.1"]
[White "Koneru, Humpy"]
[Black "Zimina, Olga"]
[Result "1-0"]
[WhiteTitle "GM"]
[BlackTitle "IM"]
[WhiteElo "2607"]
[BlackElo "2337"]
[WhiteTeam "Cercle d'Echecs de Monte-Carlo"]
[BlackTeam "Fischer Chieti"]
[WhiteFideId "5008123"]
[BlackFideId "4132190"]
[EventDate "2013.10.20"]

1. d4 d5 2. c4 c6 3. Nf3 Nf6 4. e3 e6 5. Nc3 Nbd7 6. Qc2 Bd6 7. Bd3 O-O 8. O-O
dxc4 9. Bxc4 a6 10. e4 e5 11. Rd1 Qc7 12. h3 exd4 13. Nxd4 Re8 14. a4 Nc5 15. f3
Nh5 16. Be3 Bh2+ 17. Kf1 Ng3+ 18. Ke1 Kh8 19. Nde2 Nxe2 20. Nxe2 Ne6 21. Kf2 Nf4
22. Nxf4 Bxf4 23. Bxf4 Qxf4 24. Qd2 Qc7 25. Qd6 Qb6+ 26. Qd4 Qc7 27. Rd2 Be6 28.
Bxe6 Rxe6 29. Rad1 Rae8 30. Qd7 Qb6+ 31. Qd4 Qc7 32. Qc5 R6e7 33. Qf5 Re5 34.
Qd7 Qb6+ 35. Qd4 Qc7 36. Qd8 Qe7 37. Qxe8+ Qxe8 38. Rd8 Kg8 39. R1d7 b5 40.
Rxe8+ Rxe8 41. a5 g6 42. Ra7 Rd8 43. Ke3 Rd1 44. Rxa6 Rb1 45. Rxc6 Rxb2 46. a6
Kg7 47. a7 Ra2 48. Rc7 Ra4 49. e5 Ra6 50. Kd4 1-0

[Event "18th ECC w 2013"]
[Site "Rhodes GRE"]
[Date "2013.10.26"]
[Round "7.1"]
[White "Brunello, Marina"]
[Black "Muzychuk, Anna"]
[Result "0-1"]
[WhiteTitle "WIM"]
[BlackTitle "GM"]
[WhiteElo "2263"]
[BlackElo "2560"]
[WhiteTeam "Fischer Chieti"]
[BlackTeam "Cercle d'Echecs de Monte-Carlo"]
[WhiteFideId "822590"]
[BlackFideId "14111330"]
[EventDate "2013.10.20"]

1. e4 c5 2. Nf3 e6 3. d4 cxd4 4. Nxd4 a6 5. Nc3 b5 6. Bd3 Bb7 7. O-O Nc6 8. Be3
Qc7 9. Kh1 Nf6 10. a3 h5 11. f3 h4 12. Nxc6 Bxc6 13. Bd4 Bd6 14. Bg1 Be5 15. Rb1
Nh5 16. Ne2 d5 17. exd5 Bxd5 18. Be4 Rd8 19. Bxd5 Rxd5 20. Qc1 Bxh2 21. Bxh2
Ng3+ 22. Nxg3 hxg3 23. Re1 Rxh2+ 24. Kg1 Rdh5 0-1

[Event "18th ECC w 2013"]
[Site "Rhodes GRE"]
[Date "2013.10.26"]
[Round "7.1"]
[White "Cramling, Pia"]
[Black "Gueci, Tea"]
[Result "1-0"]
[WhiteTitle "GM"]
[WhiteElo "2515"]
[BlackElo "2054"]
[WhiteTeam "Cercle d'Echecs de Monte-Carlo"]
[BlackTeam "Fischer Chieti"]
[WhiteFideId "1700030"]
[BlackFideId "872342"]
[EventDate "2013.10.20"]

1. d4 Nf6 2. Nf3 c5 3. d5 e6 4. c4 exd5 5. cxd5 d6 6. e4 g6 7. Bd3 Bg7 8. O-O
O-O 9. h3 Re8 10. Nc3 c4 11. Bc2 b5 12. a3 a6 13. Bf4 Qb6 14. Re1 Nbd7 15. Qd2
Bb7 16. Be3 Nc5 17. Bd4 Nfd7 18. Rad1 Rad8 19. Bxg7 Kxg7 20. Nh2 Nf6 21. Ng4
Nxg4 22. hxg4 h6 23. Re3 Nd7 24. Ne2 Nf6 25. Qc3 a5 26. Nd4 b4 27. axb4 axb4 28.
Qxc4 Rc8 29. Qe2 Ba6 30. Qd2 Nxg4 31. Rg3 h5 32. f3 Nf6 33. Kh2 Kh7 34. Qf4 Qd8
35. Nc6 Rxc6 36. dxc6 Re6 37. Bb3 1-0

[Event "18th ECC w 2013"]
[Site "Rhodes GRE"]
[Date "2013.10.26"]
[Round "7.2"]
[White "Bojkovic, Natasa"]
[Black "Ushenina, Anna"]
[Result "1/2-1/2"]
[WhiteTitle "IM"]
[BlackTitle "GM"]
[WhiteElo "2414"]
[BlackElo "2497"]
[WhiteTeam "Chess Club BAS"]
[BlackTeam "Ugra"]
[WhiteFideId "908550"]
[BlackFideId "14110911"]
[EventDate "2013.10.20"]

1. e4 c5 2. Nf3 Nc6 3. Bb5 g6 4. Bxc6 bxc6 5. O-O Bg7 6. Re1 Nf6 7. c3 O-O 8. d4
cxd4 9. cxd4 d6 10. h3 c5 11. dxc5 dxc5 12. Qc2 Qc7 13. Nc3 Bb7 14. Be3 Rab8 15.
Rad1 Ba8 16. Bc1 e6 17. Nd2 c4 18. Nf3 Nd7 19. Qa4 Nb6 20. Qa5 Rb7 21. Qg5 Qe7
22. Qg3 Rd7 23. Rxd7 Qxd7 24. Rd1 Qe7 25. Bf4 Rd8 26. Rxd8+ Qxd8 27. Bc7 Qc8 28.
Be5 f6 29. Bd6 Qd7 30. Ba3 e5 31. Qg4 Qe8 32. Nd2 Bh6 33. Qe2 Qc6 34. Nf1 f5 35.
Ne3 fxe4 36. Qg4 Bg7 37. Qh4 Bf6 38. Qh6 Bg7 39. Qh4 Bf6 40. Qh6 Bg7 1/2-1/2

[Event "18th ECC w 2013"]
[Site "Rhodes GRE"]
[Date "2013.10.26"]
[Round "7.2"]
[White "Pogonina, Natalija"]
[Black "Gaponenko, Inna"]
[Result "1/2-1/2"]
[WhiteTitle "WGM"]
[BlackTitle "IM"]
[WhiteElo "2485"]
[BlackElo "2400"]
[WhiteTeam "Ugra"]
[BlackTeam "Chess Club BAS"]
[WhiteFideId "4147855"]
[BlackFideId "14101181"]
[EventDate "2013.10.20"]

1. d4 d5 2. c4 c6 3. Nf3 Nf6 4. Qc2 g6 5. Bf4 Bf5 6. Qb3 Qb6 7. e3 Qxb3 8. axb3
Bxb1 9. Rxb1 e6 10. h3 Bb4+ 11. Ke2 Be7 12. g4 Nbd7 13. Bg2 O-O 14. Rhc1 Rfe8
15. Ne1 Bf8 16. Nd3 h6 17. f3 Bg7 18. e4 g5 19. Bd6 Nh7 20. e5 f6 21. h4 fxe5
22. dxe5 gxh4 23. Rh1 Ng5 24. f4 Nf7 25. Bb4 a5 26. Bd2 a4 27. cxd5 exd5 28.
bxa4 Rxa4 29. b3 Raa8 30. Kd1 Bf8 31. Rxh4 Nc5 32. Nxc5 Bxc5 33. Kc2 Ra2+ 34.
Rb2 Ra1 35. Rh1 Rxh1 36. Bxh1 Nh8 37. Rb1 Kh7 38. Re1 Ng6 39. e6 Bd4 40. Bf3 Ra8
41. Rh1 Kg7 42. Bd1 Bf6 43. Kd3 Ra2 44. Rf1 c5 45. Be3 b6 46. Bc2 Ra3 47. Bc1
Ra2 48. Bd1 Ra1 49. Bd2 Ra2 50. Be3 Kg8 51. Bf3 c4+ 52. bxc4 Ra3+ 53. Ke2 Ra2+
54. Kd1 Ra1+ 55. Bc1 dxc4 56. Bd5 Kg7 57. Bxc4 Bb2 58. Kc2 Bxc1 59. Rxc1 Rxc1+
60. Kxc1 Kf6 61. f5 Ne7 62. Bd3 Kg5 63. Kd2 Nd5 64. Be2 h5 65. gxh5 Kxf5 66.
Bg4+ Kf6 67. Kd3 Nf4+ 68. Kc4 Nxh5 69. Bxh5 1/2-1/2

[Event "18th ECC w 2013"]
[Site "Rhodes GRE"]
[Date "2013.10.26"]
[Round "7.2"]
[White "Stojanovic, Andjelija"]
[Black "Kovanova, Baira"]
[Result "1/2-1/2"]
[WhiteTitle "WGM"]
[BlackTitle "WGM"]
[WhiteElo "2302"]
[BlackElo "2396"]
[WhiteTeam "Chess Club BAS"]
[BlackTeam "Ugra"]
[WhiteFideId "928682"]
[BlackFideId "4164083"]
[EventDate "2013.10.20"]

1. d4 Nf6 2. Bg5 c5 3. dxc5 Na6 4. Nc3 Nxc5 5. f3 e6 6. e4 h6 7. Be3 d5 8. exd5
exd5 9. Bb5+ Bd7 10. Qe2 Qe7 11. Bxd7+ Ncxd7 12. O-O-O a6 13. Nh3 Qe5 14. Rhe1
O-O-O 15. Qf2 Qc7 16. Nxd5 Nxd5 17. Rxd5 Qc4 18. Red1 Qxa2 19. c3 Be7 20. Bf4
Qa1+ 21. Kc2 Qa4+ 22. Kb1 Nf6 23. Rxd8+ Rxd8 24. Rxd8+ Bxd8 25. Qc5+ Qc6 26.
Qf5+ Qe6 27. Qxe6+ fxe6 28. Kc2 Nd5 29. Be5 g5 30. Kd3 b5 31. Nf2 Bc7 32. Bg7
Nf4+ 33. Ke4 Nxg2 34. Bxh6 Bxh2 35. Bxg5 Ne1 36. Ng4 Bd6 37. Ne3 Bc5 38. Bh4
Bxe3 39. Bxe1 Bc1 40. b4 Kd7 41. Bg3 Bh6 42. Be5 1/2-1/2

[Event "18th ECC w 2013"]
[Site "Rhodes GRE"]
[Date "2013.10.26"]
[Round "7.2"]
[White "Romanko, Marina"]
[Black "Chelushkina, Irina"]
[Result "1/2-1/2"]
[WhiteTitle "IM"]
[BlackTitle "WGM"]
[WhiteElo "2359"]
[BlackElo "2280"]
[WhiteTeam "Ugra"]
[BlackTeam "Chess Club BAS"]
[WhiteFideId "4149351"]
[BlackFideId "928615"]
[EventDate "2013.10.20"]

1. d4 d6 2. c4 e5 3. Nc3 exd4 4. Qxd4 Nc6 5. Qd2 Nf6 6. b3 a5 7. Bb2 a4 8. Rd1
axb3 9. axb3 Be7 10. e4 O-O 11. Bd3 Nd4 12. Bc2 c5 13. Nge2 Bg4 14. O-O Nd7 15.
f3 Bg5 16. f4 Bf6 17. Rb1 b5 18. cxb5 Qa5 19. Qd3 c4 20. bxc4 Nc5 21. Qd1 Qb4
22. e5 dxe5 23. h3 Bxe2 24. Nxe2 Qxc4 25. Nxd4 exd4 26. Rf3 Rfb8 27. Ba3 Rxb5
28. Rxb5 Qxb5 29. Bxc5 Qxc5 30. Qd3 g6 31. f5 g5 32. Bb3 Ra1+ 33. Rf1 Ra3 34.
Rb1 Kg7 35. Kh1 h5 36. Qf3 h4 37. Qb7 Ra7 38. Qf3 Re7 39. Rd1 Qb4 40. Bd5 Re1+
41. Rxe1 Qxe1+ 42. Kh2 Be5+ 43. g3 hxg3+ 44. Kg2 Kf6 45. Bc4 Qd2+ 46. Be2 Qc2
47. Qd3 Qc6+ 48. Bf3 Qc1 49. Bg4 Qe1 50. Qa6+ Kg7 51. Qe2 Qa5 52. Qe4 Qa2+ 53.
Be2 Kf6 54. Kf3 Qd2 55. Kg2 Qf4 56. Qxf4 gxf4 57. Bd3 Kg5 58. Kf3 Kh4 59. Bf1 f6
60. Kg2 Bd6 61. Kf3 Kg5 62. Bd3 Bf8 63. Kg2 Kh6 64. Kf3 Kg7 65. Be4 Kf7 66. Kxf4
Bd6+ 67. Kf3 Kg7 68. Bd3 Be5 69. Be4 Kf8 70. h4 Kg7 71. Kg2 Kf7 72. Kf3 Ke7 73.
Bb1 Kd6 74. Be4 Kd7 75. Kg2 Ke7 76. Kf3 Kd6 77. Bd3 Bf4 78. Bf1 Be5 79. Bd3 Ke7
80. Be4 Kf8 81. Kg2 Kg7 82. Kh3 Bf4 83. Kg2 Kh6 84. Kh3 Bd6 85. Bd3 Kg7 86. Be4
Kf8 87. Kg2 Ke7 88. Kf3 Kf8 1/2-1/2

[Event "18th ECC w 2013"]
[Site "Rhodes GRE"]
[Date "2013.10.26"]
[Round "7.3"]
[White "Lagno, Kateryna"]
[Black "Harika, Dronavalli"]
[Result "1/2-1/2"]
[WhiteTitle "GM"]
[BlackTitle "GM"]
[WhiteElo "2534"]
[BlackElo "2475"]
[WhiteTeam "CS Politechnica-Antibiotice Iasi"]
[BlackTeam "Mika Chess Club"]
[WhiteFideId "14109336"]
[BlackFideId "5015197"]
[EventDate "2013.10.20"]

1. e4 e6 2. d4 d5 3. Nc3 Bb4 4. e5 c5 5. a3 Bxc3+ 6. bxc3 Ne7 7. h4 Nbc6 8. h5
h6 9. Nf3 Qa5 10. Bd2 Bd7 11. a4 c4 12. g3 O-O-O 13. Bh3 Kb8 14. O-O Ka8 15. Nh4
Rdg8 16. Kh2 g6 17. Ng2 Qd8 18. Ne3 Rf8 19. Bc1 f5 20. exf6 Rxf6 21. Ng4 Rf7 22.
Bf4 Rhf8 23. Qe2 gxh5 24. Ne5 Nxe5 25. Bxe5 h4 26. a5 a6 27. g4 Ng6 28. Bd6 Nf4
29. Qe3 Nxh3 30. Bxf8 Qxf8 31. Qxh3 Rf3 32. Qxh4 e5 33. dxe5 h5 34. e6 Bxe6 35.
Qxh5 Rf4 36. f3 Bxg4 37. fxg4 Rxf1 38. Rxf1 Qxf1 39. Qh8+ Ka7 40. Qd4+ Ka8 41.
Kg3 Qe1+ 42. Kf4 Qc1+ 43. Ke5 Qg5+ 44. Ke6 Qg8+ 45. Kf5 Qh7+ 46. Ke5 Qc7+ 47.
Ke6 Qc6+ 48. Kf7 Qc7+ 49. Ke6 Qc6+ 50. Kf5 Qd7+ 51. Kg5 Qh7 52. Qxd5 Qg7+ 53.
Kh5 Qh7+ 54. Kg5 Qg7+ 55. Kh4 Qxc3 56. Qf5 Qh8+ 57. Kg3 Qc3+ 58. Kf2 Qd2+ 59.
Kf3 Qd1+ 60. Ke3 c3 61. g5 Qd2+ 62. Kf3 Qd1+ 63. Kf4 Qd4+ 64. Qe4 Qd6+ 65. Kg4
Qd1+ 66. Kh4 Qd8 67. Kh5 Qxa5 68. Kh6 Qd8 69. g6 Qh8+ 70. Kg5 Qd8+ 71. Kf5 Qf8+
72. Kg4 Qf6 73. Qf5 Qd4+ 74. Kh5 Qh8+ 75. Kg5 Qd8+ 76. Kg4 Qd4+ 77. Kf3 Qd1+ 78.
Kg3 Qd6+ 79. Kh4 Qd4+ 80. Kg5 Qd8+ 81. Qf6 Qd2+ 82. Qf4 Qxc2 83. g7 Qg2+ 84. Qg4
Qd5+ 85. Kf6 Qd8+ 86. Kf7 Qc7+ 87. Kg6 Qc6+ 88. Kh7 Qh1+ 89. Kg6 Qc6+ 90. Kf7
Qc7+ 91. Kf6 Qd8+ 92. Kf7 1/2-1/2

[Event "18th ECC w 2013"]
[Site "Rhodes GRE"]
[Date "2013.10.26"]
[Round "7.3"]
[White "Mkrtchian, Lilit"]
[Black "Cmilyte, Viktorija"]
[Result "1/2-1/2"]
[WhiteTitle "IM"]
[BlackTitle "GM"]
[WhiteElo "2469"]
[BlackElo "2505"]
[WhiteTeam "Mika Chess Club"]
[BlackTeam "CS Politechnica-Antibiotice Iasi"]
[WhiteFideId "13300601"]
[BlackFideId "12801259"]
[EventDate "2013.10.20"]

1. Nf3 g6 2. e4 c5 3. c4 Bg7 4. d4 d6 5. d5 e6 6. h3 Ne7 7. Bd3 O-O 8. Nc3 Na6
9. O-O Nc7 10. Re1 Rb8 11. Bf1 e5 12. Nh2 h6 13. a3 f5 14. b4 b6 15. Rb1 Bd7 16.
g4 fxg4 17. hxg4 Kh7 18. Qd3 Ng8 19. Qg3 Qe7 20. Re2 Bf6 21. Nf3 Bg7 22. Nh2 Bf6
23. Nf3 Bg7 1/2-1/2

[Event "18th ECC w 2013"]
[Site "Rhodes GRE"]
[Date "2013.10.26"]
[Round "7.3"]
[White "Bulmaga, Irina"]
[Black "Danielian, Elina"]
[Result "0-1"]
[WhiteTitle "IM"]
[BlackTitle "GM"]
[WhiteElo "2401"]
[BlackElo "2471"]
[WhiteTeam "CS Politechnica-Antibiotice Iasi"]
[BlackTeam "Mika Chess Club"]
[WhiteFideId "13903063"]
[BlackFideId "13300210"]
[EventDate "2013.10.20"]

1. e4 c6 2. d4 d5 3. e5 Bf5 4. Nf3 e6 5. Be2 c5 6. Be3 cxd4 7. Nxd4 Ne7 8. Nd2
Nbc6 9. N2f3 Bg4 10. O-O Bxf3 11. Nxf3 Nf5 12. Bf4 Bc5 13. Bd3 Nfe7 14. c3 Ng6
15. Bg3 a6 16. Qe2 O-O 17. h4 Re8 18. Ng5 Be7 19. f4 Nf8 20. Qh5 g6 21. Qe2 Bc5+
22. Kh2 Ne7 23. b4 Bb6 24. Rfd1 Qc7 25. Rac1 h6 26. Nf3 Rac8 27. h5 Nf5 28. Bxf5
gxf5 29. Nd2 f6 30. c4 Qf7 31. c5 Bc7 32. Rf1 fxe5 33. fxe5 Nh7 34. Bf4 Kh8 35.
Rc3 Rg8 36. Bxh6 Qe8 37. Bf4 Rg4 38. Rh3 Qa4 39. a3 Rcg8 40. g3 Qxa3 41. Nf3
Qxb4 42. Nh4 Ng5 43. Bxg5 R4xg5 44. Ng6+ Kh7 45. Rh4 Qc3 46. Rf3 Qxc5 47. Qd2
Bb6 48. Rb3 Qg1+ 49. Kh3 Bf2 50. Rxb7+ Kh6 0-1

[Event "18th ECC w 2013"]
[Site "Rhodes GRE"]
[Date "2013.10.26"]
[Round "7.3"]
[White "Javakhishvili, Lela"]
[Black "L'Ami, Alina"]
[Result "1-0"]
[WhiteTitle "IM"]
[BlackTitle "WGM"]
[WhiteElo "2435"]
[BlackElo "2362"]
[WhiteTeam "Mika Chess Club"]
[BlackTeam "CS Politechnica-Antibiotice Iasi"]
[WhiteFideId "13601458"]
[BlackFideId "1210246"]
[EventDate "2013.10.20"]

1. d4 Nf6 2. c4 g6 3. Nc3 Bg7 4. e4 d6 5. Nf3 O-O 6. h3 Na6 7. Bg5 c6 8. Be2 e5
9. d5 h6 10. Be3 Nh5 11. dxc6 bxc6 12. Qd2 Nf4 13. O-O Nxe2+ 14. Nxe2 Be6 15.
Bxh6 Bxc4 16. Bxg7 Kxg7 17. Rfd1 Qf6 18. Ng3 Rfd8 19. Qc3 Be6 20. Qxc6 Nb4 21.
Qc7 Nxa2 22. Qa5 Bb3 23. Rd3 Qe6 24. Nd2 Bc4 25. Ra3 Rdc8 26. Nxc4 Rc5 27. Qd2
Rxc4 28. R3xa2 Rd4 29. Qg5 1-0

[Event "18th ECC w 2013"]
[Site "Rhodes GRE"]
[Date "2013.10.26"]
[Round "7.4"]
[White "Gunina, Valentina"]
[Black "Novkovic, Julia"]
[Result "1-0"]
[WhiteTitle "GM"]
[BlackTitle "WFM"]
[WhiteElo "2506"]
[BlackElo "2105"]
[WhiteTeam "SHSM Nashe Nasledie"]
[BlackTeam "ASVOE Pamhagen"]
[WhiteFideId "4167570"]
[BlackFideId "12000086"]
[EventDate "2013.10.20"]

1. d4 Nf6 2. c4 g6 3. Nc3 Bg7 4. e4 d6 5. f3 O-O 6. Be3 Nc6 7. Nge2 a6 8. Qd2
Rb8 9. Rc1 e5 10. d5 Ne7 11. g4 h5 12. h3 c6 13. Rg1 Kh7 14. Bg5 Rh8 15. f4 cxd5
16. cxd5 hxg4 17. hxg4 Nxg4 18. f5 f6 19. Rxg4 fxg5 20. Qxg5 Qf8 21. Nd1 Qf6 22.
Rh4+ Kg8 23. Rxh8+ Kxh8 24. Qe3 Qh4+ 25. Nf2 Bh6 26. Qa7 Bxc1 27. Nxc1 Nc6 28.
dxc6 1-0

[Event "18th ECC w 2013"]
[Site "Rhodes GRE"]
[Date "2013.10.26"]
[Round "7.4"]
[White "Hapala, Lisa"]
[Black "Kovalevskaya, Ekaterina"]
[Result "0-1"]
[BlackTitle "IM"]
[WhiteElo "2018"]
[BlackElo "2410"]
[WhiteTeam "ASVOE Pamhagen"]
[BlackTeam "SHSM Nashe Nasledie"]
[WhiteFideId "1622080"]
[BlackFideId "4116704"]
[EventDate "2013.10.20"]

1. e4 c5 2. Nf3 Nc6 3. d4 cxd4 4. Nxd4 e5 5. Nb5 d6 6. N1c3 a6 7. Na3 b5 8. Nd5
Nge7 9. c4 Nd4 10. cxb5 Nxd5 11. exd5 Bd7 12. bxa6 Qa5+ 13. Bd2 Qxd5 14. Be3 Be7
15. Bxd4 exd4 16. Be2 Bc6 17. Bf3 Qa5+ 18. Qd2 Qe5+ 19. Qe2 Bxf3 20. gxf3 Rxa6
21. Kf1 Qxe2+ 22. Kxe2 Kd7 23. Nc2 Rb8 24. b3 Bf6 25. Kd3 Ra5 26. b4 Rf5 27. Ke4
g6 28. Rad1 Re8+ 29. Kd3 Rxf3+ 0-1

[Event "18th ECC w 2013"]
[Site "Rhodes GRE"]
[Date "2013.10.26"]
[Round "7.4"]
[White "Girya, Olga"]
[Black "Horvath, Maria"]
[Result "1-0"]
[WhiteTitle "WGM"]
[BlackTitle "WFM"]
[WhiteElo "2439"]
[BlackElo "2036"]
[WhiteTeam "SHSM Nashe Nasledie"]
[BlackTeam "ASVOE Pamhagen"]
[WhiteFideId "4195752"]
[BlackFideId "1601660"]
[EventDate "2013.10.20"]

1. d4 d5 2. Nf3 c6 3. c4 e6 4. Nc3 f5 5. Bf4 Nf6 6. e3 Be7 7. Qc2 O-O 8. Bd3 Ne4
9. g4 g6 10. gxf5 exf5 11. cxd5 Nxc3 12. bxc3 Qxd5 13. Ke2 Nd7 14. Rag1 Nf6 15.
Ne5 Qd8 16. Bh6 Re8 17. Bxf5 Bxf5 18. Qxf5 1-0

[Event "18th ECC w 2013"]
[Site "Rhodes GRE"]
[Date "2013.10.26"]
[Round "7.5"]
[White "Nesic, Dragana"]
[Black "Zhukova, Natalia"]
[Result "0-1"]
[BlackTitle "GM"]
[WhiteElo "1842"]
[BlackElo "2456"]
[WhiteTeam "Rudar Prijedor"]
[BlackTeam "Jelica PEP"]
[WhiteFideId "14403200"]
[BlackFideId "14101513"]
[EventDate "2013.10.20"]

1. c4 e6 2. Nf3 d5 3. cxd5 exd5 4. d4 Nf6 5. Nc3 Bb4 6. Bd2 O-O 7. e3 c6 8. Bd3
Bd6 9. h3 Re8 10. Qc2 Qe7 11. O-O Ne4 12. Kh1 Nd7 13. Be1 Ndf6 14. Ne2 Bd7 15.
a3 a5 16. Nfg1 c5 17. dxc5 Nxc5 18. Nd4 Nxd3 19. Qxd3 Qe5 20. Ngf3 Qh5 21. Kg1
Re4 22. Ne2 Bxh3 23. Ng3 Bxg3 24. fxg3 Bd7 25. Rd1 Rae8 26. Bf2 Bg4 27. Rc1 Bxf3
28. gxf3 Qxf3 29. Qd1 Qf5 30. Rc5 b6 31. Rb5 R4e6 32. Qd4 Re4 33. Qxb6 Qh3 0-1

[Event "18th ECC w 2013"]
[Site "Rhodes GRE"]
[Date "2013.10.26"]
[Round "7.5"]
[White "Vojinovic, Jovana"]
[Black "Plivcevic, Ivana"]
[Result "1-0"]
[WhiteTitle "WGM"]
[WhiteElo "2347"]
[BlackElo "1881"]
[WhiteTeam "Jelica PEP"]
[BlackTeam "Rudar Prijedor"]
[WhiteFideId "937266"]
[BlackFideId "14402882"]
[EventDate "2013.10.20"]

1. Nf3 Nf6 2. g3 d6 3. d4 g6 4. b3 Bg7 5. Bb2 O-O 6. Bg2 c6 7. O-O Nbd7 8. a4 a5
9. Nbd2 Re8 10. Nc4 Nb6 11. Re1 d5 12. Na3 Bf5 13. c4 dxc4 14. bxc4 Rc8 15. Qb3
Na8 16. Ne5 Qb6 17. Qa2 c5 18. dxc5 Qxc5 19. Nb5 Rb8 20. Bd4 Qc8 21. Ba7 Ne4 22.
Qb2 Qe6 23. Bxb8 Rxb8 24. f4 Rd8 25. Nd4 Qb6 26. Qxb6 Nxb6 27. e3 Bxe5 28. fxe5
Nxc4 29. g4 1-0